| 000 | 00625nam a22001937a 4500 | ||
|---|---|---|---|
| 005 | 20251108173308.0 | ||
| 008 | 250721s2005 xx 000 0 ara d | ||
| 082 | 1 | 4 | _a812.9563/ماج |
| 100 | 1 |
_aجبرا، جبرا ابراهيم _eمؤلف |
|
| 245 | 1 | 0 | _aهاملت بلا هاملت و سيدرا / |
| 246 | 1 | 1 | _aHamlet with out Hamlet |
| 264 | 1 |
_aعمان : _bدار الشروق للنشرو التوزيع، _c2005. |
|
| 300 | _a176ص. | ||
| 650 | 1 | 7 | _aالمسرحيات العربية |
| 650 | 1 | 7 | _aالعراق |
| 700 | 1 |
_aجبرا، جبرا ابراهيم _ecomp. |
|
| 942 |
_2ddc _cBK |
||
| 999 |
_c100603 _d100603 |
||